00597 a2200229 4500260001200000100002200012700002600034260001000060300000900070245011900079650002400198650001400222650002300236650002600259650002300285650001400308650001000322260000900332130000700341500000900348040001000357 aCotonou aAKPAKA, A. Dave G ad'ALMEIDA, Sorelle M. bENEAM b59 p aDynamisation de la politique commerciale pour la relance du produit "Assia" de la fédérale d'assurance (FEDAS) aGESTION COMMERCIALE aMARKETING aACTION COMMERCIALE aPOLITIQUE COMMERCIALE aRELANCE DE PRODUIT aASSURANCE aFEDAS c2007 lFr a1 ex aENEAM